[Event "XVII Festival Conca della Presolana Magistrale"]
[Site "Bratto - Castione della Presolana ITA"]
[Date "1997.08.??"]
[Round "8"]
[White "Godena, Michele"]
[Black "Menoni, Vincenzo"]
[Result "1-0"]
[WhiteElo "2515"]
[BlackElo "2270"]
[PlyCount "165"]
[EventDate "1997.08.21"]

1. e4 e6 2. d4 d5 3. Nd2 Nf6 4. e5 Nfd7 5. Bd3 c5 6. c3 Nc6 7. Ne2 cxd4 8. cxd4
f6 9. exf6 Nxf6 10. Nf3 Bd6 11. O-O Qc7 12. Bg5 O-O 13. Bh4 e5 14. dxe5 Nxe5
15. Nxe5 Bxe5 16. Bg3 Bxg3 17. Nxg3 Qb6 18. Qd2 Bd7 19. Bc2 Rad8 20. Rfd1 Kh8
21. Qd4 Qxd4 22. Rxd4 Bc6 23. Rad1 Rfe8 24. Nf5 Re2 25. R4d2 Rxd2 26. Rxd2 Re8
27. Rd1 g6 28. Nd4 Bd7 29. f3 Kg7 30. Kf2 Rc8 31. Bb3 Rc5 32. h4 Kf7 33. Re1 a5
34. a3 a4 35. Ba2 Ne8 36. Ne2 Nc7 37. Nc3 Bc6 38. Rd1 Ke6 39. Rd4 Nb5 40. Nxb5
Rxb5 41. Rd2 Rc5 42. Bb1 Rc1 43. Re2+ Kf6 44. Re1 Rc4 45. g3 Rc5 46. g4 Rb5 47.
g5+ Kg7 48. Re2 Rb3 49. Rd2 d4 50. Bd3 Bb5 51. Be4 Bc6 52. Bd3 Bb5 53. Be4 Bc6
54. Bxc6 bxc6 55. Rxd4 Rxb2+ 56. Kg3 Rb3 57. Rxa4 c5 58. Ra7+ Kg8 59. Ra8+ Kg7
60. Ra7+ Kg8 61. Kf4 c4 62. Ke4 c3 63. Kd3 c2+ 64. Kxc2 Rxf3 65. a4 Rh3 66. a5
Rxh4 67. a6 Ra4 68. Kb3 Ra1 69. Kb4 Rb1+ 70. Kc5 Rc1+ 71. Kb6 Rb1+ 72. Kc7 Rc1+
73. Kb8 Ra1 74. Ra8 Kg7 75. Kb7 h6 76. Rd8 hxg5 77. a7 Kf6 78. Rd6+ Kg7 79. Ra6
Rb1+ 80. Rb6 Ra1 81. Ra6 Rb1+ 82. Kc6 Rc1+ 83. Kd5 1-0

[Event "XVII Festival Conca della Presolana Magistrale"]
[Site "Bratto - Castione della Presolana ITA"]
[Date "1997.08.??"]
[Round "8"]
[White "Grosar, Kiti"]
[Black "Pagnoncelli, Marco"]
[Result "1-0"]
[WhiteElo "2190"]
[BlackElo "2090"]
[PlyCount "115"]
[EventDate "1997.08.21"]

1. e4 c5 2. Nf3 d6 3. d4 cxd4 4. Nxd4 Nf6 5. Nc3 g6 6. Be2 Bg7 7. Be3 Nc6 8.
O-O O-O 9. f4 Qb6 10. Qd3 Ng4 11. Nd5 Bxd4 12. Bxg4 Bxe3+ 13. Qxe3 Qxb2 14.
Bxc8 Rfxc8 15. Rab1 Qg7 16. Rxb7 Kf8 17. f5 gxf5 18. exf5 Qd4 19. Rxe7 Qxd5 20.
Re4 Qc5 21. Qxc5 dxc5 22. Rh4 f6 23. Rxh7 Kg8 24. Rh3 Rab8 25. Rff3 Rb7 26. Rh6
Ne5 27. Rg3+ Rg7 28. Rxf6 Rxg3 29. hxg3 Rc7 30. Re6 Nc6 31. c3 Kf7 32. g4 Ne7
33. g5 Nd5 34. c4 Nb6 35. Rh6 Rd7 36. Rc6 Nxc4 37. Rxc5 Ne3 38. Kf2 Nd5 39. a3
Ne7 40. Ke3 Rd5 41. Rxd5 Nxd5+ 42. Ke4 Nb6 43. Kd4 Ke7 44. g4 Nd7 45. a4 a5 46.
Kc4 Ne5+ 47. Kb5 Nxg4 48. Kxa5 Kd7 49. Kb5 Ne5 50. g6 Ng4 51. a5 Kc7 52. a6 Nf6
53. a7 Kb7 54. Kc5 Kxa7 55. Kd6 Kb7 56. Ke6 Nh5 57. f6 Nf4+ 58. Kf7 1-0

[Event "XVII Festival Conca della Presolana Magistrale"]
[Site "Bratto - Castione della Presolana ITA"]
[Date "1997.08.??"]
[Round "8"]
[White "Guido, Flavio"]
[Black "Mione, Dario"]
[Result "1-0"]
[WhiteElo "2335"]
[BlackElo "2295"]
[PlyCount "63"]
[EventDate "1997.08.21"]

1. e4 e6 2. d3 d5 3. Qe2 dxe4 4. dxe4 e5 5. Nf3 Nc6 6. g3 Bg4 7. c3 Qf6 8. Bg2
h6 9. Be3 a5 10. Nbd2 g6 11. h3 Bc8 12. Nc4 Rh7 13. Rd1 b5 14. Ncxe5 Nxe5 15.
Qxb5+ Nd7 16. e5 Qa6 17. Nd4 Rb8 18. Qa4 Rxb2 19. Bc6 Bc5 20. Nb5 Kf8 21. Bxd7
Bxd7 22. Bxc5+ Kg7 23. Rxd7 Rxb5 24. Bd4 Rb1+ 25. Kd2 Rxh1 26. e6+ Nf6 27.
Rxf7+ Kg8 28. Rxf6 Re7 29. Rxg6+ Kh7 30. Qc2 Rd1+ 31. Kxd1 Qf1+ 32. Kd2 1-0

[Event "XVII Festival Conca della Presolana Magistrale"]
[Site "Bratto - Castione della Presolana ITA"]
[Date "1997.08.??"]
[Round "8"]
[White "Lagrotteria, Salvatore"]
[Black "Caruso, Daniele"]
[Result "1-0"]
[WhiteElo "2225"]
[BlackElo "2130"]
[PlyCount "99"]
[EventDate "1997.08.21"]

1. Nf3 Nf6 2. c4 g6 3. d4 Bg7 4. Nc3 O-O 5. e4 d6 6. Be2 e5 7. O-O Nc6 8. d5
Ne7 9. b4 Nh5 10. Re1 f5 11. Ng5 Nf4 12. Bf1 h6 13. Nf3 g5 14. Rb1 fxe4 15.
Nxe4 Bg4 16. Rb3 Nf5 17. h3 Bxf3 18. Rxf3 a5 19. g3 Ng6 20. bxa5 Rxa5 21. a4 b6
22. Ra3 Nge7 23. Bg2 Qe8 24. Re2 Nd4 25. Rea2 Qf7 26. Bd2 Ra7 27. Bb4 Kh8 28.
a5 b5 29. cxb5 Nxb5 30. Rd3 c5 31. Be1 Nf5 32. Ra4 Nfd4 33. Nc3 Nxc3 34. Rxc3
Rb8 35. Be4 Rb2 36. Re3 Bf8 37. Ra1 Be7 38. Rb1 Rxb1 39. Qxb1 Bd8 40. Bc3 Qb7
41. Qd1 Qf7 42. Qg4 Bxa5 43. Bxd4 exd4 44. Rf3 Qe8 45. Rf6 Bd8 46. Rxh6+ Kg8
47. Rxd6 c4 48. Re6 Ra1+ 49. Kg2 Qa4 50. Rg6+ 1-0

[Event "XVII Festival Conca della Presolana Magistrale"]
[Site "Bratto - Castione della Presolana ITA"]
[Date "1997.08.??"]
[Round "8"]
[White "Lantini, Marco"]
[Black "Profumo, Alberto"]
[Result "0-1"]
[WhiteElo "2190"]
[BlackElo "2250"]
[PlyCount "56"]
[EventDate "1997.08.21"]

1. e4 c6 2. d4 d5 3. Nc3 dxe4 4. Nxe4 Bf5 5. Ng3 Bg6 6. h4 h6 7. f4 e6 8. h5
Bh7 9. Nf3 Nf6 10. Bd3 Bxd3 11. Qxd3 Bd6 12. Bd2 Qc7 13. Ne5 O-O 14. O-O-O Na6
15. Ne2 c5 16. g4 cxd4 17. g5 hxg5 18. fxg5 Nc5 19. Qf3 Nfe4 20. Ng4 d3 21. Nc3
Nxd2 22. Rxd2 Bf4 23. Rg1 Rad8 24. Kb1 Bxd2 25. h6 Qf4 26. Qh3 dxc2+ 27. Ka1
Bxc3 28. Qxc3 Rd1+ 0-1

[Event "XVII Festival Conca della Presolana Magistrale"]
[Site "Bratto - Castione della Presolana ITA"]
[Date "1997.08.??"]
[Round "8"]
[White "Lapiccirella, Mattia"]
[Black "Pegoraro, Nicola"]
[Result "0-1"]
[WhiteElo "1930"]
[BlackElo "2115"]
[PlyCount "48"]
[EventDate "1997.08.21"]

1. d4 f5 2. g3 Nf6 3. Bg2 g6 4. Nf3 Bg7 5. O-O O-O 6. c4 Ne4 7. Qc2 d6 8. d5
Na6 9. Be3 c5 10. Nbd2 Nf6 11. Nb3 Bd7 12. Ng5 Rb8 13. Rad1 Nb4 14. Qb1 b5 15.
Nxc5 dxc5 16. Bxc5 bxc4 17. d6 e5 18. Bxa7 Rb5 19. a3 Qa5 20. Be3 Nbd5 21. Bd2
Qb6 22. Qc2 Rc8 23. Rb1 h6 24. Nf3 h5 0-1

[Event "XVII Festival Conca della Presolana Magistrale"]
[Site "Bratto - Castione della Presolana ITA"]
[Date "1997.08.??"]
[Round "8"]
[White "Mariano, Elia"]
[Black "Genocchio, Daniele"]
[Result "1/2-1/2"]
[WhiteElo "2145"]
[BlackElo "2215"]
[PlyCount "48"]
[EventDate "1997.08.21"]

1. d4 c5 2. c3 Nf6 3. Bf4 b6 4. e3 g6 5. Nf3 Bg7 6. Bd3 O-O 7. O-O Bb7 8. Nbd2
d6 9. Re1 Nc6 10. Qe2 Qc7 11. h3 h6 12. Bh2 Rae8 13. e4 e5 14. dxe5 dxe5 15.
Rad1 Nh5 16. Bc4 Kh7 17. Qd3 Rd8 18. Qc2 Na5 19. Bf1 c4 20. Qa4 Rc8 21. Nb1
Rfd8 22. Rxd8 Rxd8 23. Na3 Bc6 24. Qc2 b5 1/2-1/2

[Event "XVII Festival Conca della Presolana Magistrale"]
[Site "Bratto - Castione della Presolana ITA"]
[Date "1997.08.??"]
[Round "8"]
[White "Mauro, Alan"]
[Black "Zoldan, Matteo"]
[Result "1-0"]
[WhiteElo "2275"]
[BlackElo "2100"]
[PlyCount "67"]
[EventDate "1997.08.21"]

1. e4 c5 2. Nf3 d6 3. c3 Nf6 4. Be2 g6 5. O-O Bg7 6. Re1 O-O 7. Bf1 Bg4 8. h3
Bxf3 9. Qxf3 Nc6 10. d3 Rb8 11. a4 a6 12. Bf4 Qc7 13. Na3 b5 14. axb5 axb5 15.
d4 cxd4 16. Nxb5 Qb6 17. c4 Nd7 18. Bd2 Rfc8 19. Qa3 Qb7 20. b4 Nce5 21. Qb3 d3
22. Ra7 Qc6 23. Bxd3 Nxd3 24. Qxd3 Ne5 25. Qd5 Nxc4 26. Qxc6 Rxc6 27. Bc1 h5
28. Nc7 Rxb4 29. Nd5 Rb1 30. Nxe7+ Kh7 31. Nxc6 Bb2 32. Bd2 Nxd2 33. Rxb1 Nxb1
34. Rb7 1-0

[Event "XVII Festival Conca della Presolana Magistrale"]
[Site "Bratto - Castione della Presolana ITA"]
[Date "1997.08.??"]
[Round "8"]
[White "Nurkic, Sahbaz"]
[Black "Farago, Ivan"]
[Result "0-1"]
[WhiteElo "2430"]
[BlackElo "2445"]
[PlyCount "80"]
[EventDate "1997.08.21"]

1. e4 c5 2. c3 d5 3. exd5 Qxd5 4. d4 Nf6 5. Nf3 e6 6. Bd3 Nbd7 7. O-O Be7 8.
Re1 O-O 9. Bf4 c4 10. Be2 b5 11. Nbd2 Bb7 12. Nf1 Nb6 13. Bg5 Qd6 14. Bxf6 Bxf6
15. Ne3 Rad8 16. Qc2 Qf4 17. g3 Qe4 18. Qxe4 Bxe4 19. Nd2 Bg6 20. f4 e5 21.
dxe5 Be7 22. Ndf1 Bc5 23. Kg2 Be4+ 24. Bf3 Bd3 25. b4 Be7 26. g4 f6 27. e6 f5
28. Nxf5 Bxf5 29. gxf5 Rxf5 30. Ng3 Rxf4 31. Ne2 Rf6 32. Nd4 Kf8 33. Rad1 a6
34. Bb7 Nd5 35. Bxd5 Rxd5 36. Re3 Ke8 37. Rde1 Bxb4 38. Rb1 Bxc3 39. Nf3 Rd3
40. Rxd3 cxd3 0-1

[Event "XVII Festival Conca della Presolana Magistrale"]
[Site "Bratto - Castione della Presolana ITA"]
[Date "1997.08.??"]
[Round "8"]
[White "Oppici, Gabriele"]
[Black "Moncelli, Giorgio"]
[Result "1/2-1/2"]
[WhiteElo "2095"]
[BlackElo "2195"]
[PlyCount "76"]
[EventDate "1997.08.21"]

1. Nc3 e5 2. Nf3 d6 3. d4 Nd7 4. g3 Ngf6 5. Bg2 Be7 6. O-O O-O 7. b3 c6 8. Bb2
e4 9. Ne1 d5 10. f3 exf3 11. Bxf3 Re8 12. e4 dxe4 13. Nxe4 Nxe4 14. Bxe4 Nf6
15. Bg2 Ng4 16. Qd3 Bd6 17. Be4 h6 18. Ng2 Nf6 19. Bf3 Bh3 20. Rae1 Qc7 21. Bc3
Ng4 22. Be4 Nf6 23. Bf5 Bxf5 24. Qxf5 Rad8 25. Ba5 b6 26. Bd2 c5 27. Bxh6 Bf8
28. Bf4 Qc6 29. Rxe8 Rxe8 30. Be5 Be7 31. Qg5 cxd4 32. Bxf6 Bxf6 33. Qf5 Re2
34. Rf2 d3 35. Qxd3 Rxf2 36. Kxf2 Qc5+ 37. Kf1 Qa3 38. Nf4 Qxa2 1/2-1/2

[Event "XVII Festival Conca della Presolana Magistrale"]
[Site "Bratto - Castione della Presolana ITA"]
[Date "1997.08.??"]
[Round "8"]
[White "Pantaleoni, Claudio"]
[Black "Samaritani, Fabio"]
[Result "0-1"]
[WhiteElo "2235"]
[BlackElo "2180"]
[PlyCount "92"]
[EventDate "1997.08.21"]

1. e4 e5 2. Nf3 Nc6 3. Bb5 a6 4. Ba4 Nf6 5. O-O Bc5 6. c3 b5 7. Bb3 d6 8. h3
Bb7 9. d4 Bb6 10. Bg5 h6 11. Bxf6 Qxf6 12. dxe5 Nxe5 13. Nxe5 dxe5 14. Qe2 O-O
15. Nd2 Rad8 16. Kh1 Qf4 17. Rad1 Rd6 18. f3 Be3 19. Nb1 Rg6 20. Rd3 Bc5 21.
Rfd1 Be7 22. Nd2 Bc8 23. Nf1 Qh4 24. a4 Bg5 25. axb5 Bf4 26. bxa6 Bxa6 27. c4
Bc8 28. Ba4 Rg3 29. Bd7 Ba6 30. R3d2 Bxd2 31. Qxd2 Rg6 32. Bb5 Bxb5 33. cxb5
Rd6 34. Qe1 Qxe1 35. Rxe1 Rb8 36. Ne3 Rxb5 37. Rc1 Rxb2 38. Rxc7 Rd3 39. Nf5
Rd1+ 40. Kh2 Rdd2 41. Ne3 Rb3 42. Nc4 Rc2 43. Rc8+ Kh7 44. Nb6 Rxc8 45. Nxc8 h5
46. Ne7 h4 0-1

[Event "XVII Festival Conca della Presolana Magistrale"]
[Site "Bratto - Castione della Presolana ITA"]
[Date "1997.08.??"]
[Round "8"]
[White "Ranieri, Fabrizio"]
[Black "Marchini, Massimo"]
[Result "0-1"]
[WhiteElo "2200"]
[BlackElo "2150"]
[PlyCount "66"]
[EventDate "1997.08.21"]

1. e4 c5 2. Nf3 Nc6 3. d4 cxd4 4. Nxd4 Nf6 5. Nc3 d6 6. Be3 e6 7. Bc4 Be7 8.
Qe2 a6 9. Bb3 Na5 10. f4 Nxb3 11. axb3 O-O 12. O-O-O Qc7 13. g4 b5 14. g5 Nd7
15. Rhg1 b4 16. Nf5 Re8 17. Nxe7+ Rxe7 18. Na4 Bb7 19. Bf2 Rc8 20. Kb1 Nc5 21.
Bxc5 dxc5 22. e5 Ree8 23. Rd6 Bd5 24. Rd1 c4 25. Nb6 cxb3 26. Nxc8 Rxc8 27.
cxb3 Bxb3 28. Rxa6 Bc2+ 29. Ka1 Bxd1 30. Qxd1 Qc4 31. Qa4 Qd5 32. Kb1 b3 33.
Qc6 Qd1+ 0-1

[Event "XVII Festival Conca della Presolana Magistrale"]
[Site "Bratto - Castione della Presolana ITA"]
[Date "1997.08.??"]
[Round "8"]
[White "Rossi, Giampiero"]
[Black "Bosio, Devis"]
[Result "1/2-1/2"]
[WhiteElo "2150"]
[BlackElo "1951"]
[PlyCount "106"]
[EventDate "1997.08.21"]

1. d4 f5 2. Bg5 h6 3. Bh4 g5 4. Bg3 Bg7 5. e3 Nf6 6. Bd3 e6 7. Nd2 b6 8. c3 Bb7
9. f3 d6 10. Ne2 Nbd7 11. Qc2 Qe7 12. O-O O-O 13. e4 f4 14. Bf2 e5 15. d5 Qf7
16. c4 Nc5 17. b4 Nxd3 18. Qxd3 g4 19. c5 Qh5 20. cxd6 cxd6 21. Rac1 Bc8 22.
Rfe1 Nh7 23. fxg4 Bxg4 24. h3 Bc8 25. Kh2 Ng5 26. Ng1 f3 27. Re3 fxg2 28. Kxg2
Bd7 29. Qe2 Qxe2 30. Rxe2 Rac8 31. Rxc8 Rxc8 32. h4 Nh7 33. a3 Nf6 34. Re3 Rc2
35. Ngf3 Ng4 36. Rb3 Nxf2 37. Kxf2 Bg4 38. Ke3 Bf6 39. Kd3 Rc8 40. Rc3 Kf7 41.
Rc6 Ke7 42. b5 Bd7 43. Rxc8 Bxc8 44. a4 Bg4 45. Ke3 Kf8 46. Kf2 Ke7 47. Nc4 Kd7
48. Kg3 Bh5 49. Ne3 Be7 50. Nf5 Bf8 51. Kf2 Kc7 52. Ke3 Bg4 53. Kf2 Bh5 1/2-1/2

[Event "XVII Festival Conca della Presolana Magistrale"]
[Site "Bratto - Castione della Presolana ITA"]
[Date "1997.08.??"]
[Round "8"]
[White "Sgorlon, Felice"]
[Black "Mascheroni, Maurizio"]
[Result "1-0"]
[WhiteElo "2031"]
[BlackElo "1944"]
[PlyCount "89"]
[EventDate "1997.08.21"]

1. c4 Nf6 2. Nc3 e6 3. d4 Bb4 4. e3 O-O 5. Nf3 d6 6. Be2 c5 7. O-O Bxc3 8. bxc3
b6 9. Nd2 Bb7 10. Bf3 Qc7 11. g4 Bxf3 12. Qxf3 Nc6 13. g5 Nd7 14. Qe2 f6 15. d5
exd5 16. cxd5 Ne7 17. h4 fxg5 18. hxg5 Ng6 19. c4 Rae8 20. Bb2 Qd8 21. Qg4 Nde5
22. Qg3 Qe7 23. Bxe5 Nxe5 24. e4 h6 25. f4 Nf7 26. g6 Nd8 27. Rae1 Qd7 28. e5
Qf5 29. Ne4 dxe5 30. fxe5 Qd7 31. Nd6 Rxf1+ 32. Rxf1 Rf8 33. Rxf8+ Kxf8 34.
Qf4+ Kg8 35. e6 Qa4 36. Ne4 Qd1+ 37. Kg2 Qc2+ 38. Kg3 Qd3+ 39. Qf3 Qxf3+ 40.
Kxf3 Kf8 41. Kf4 Ke7 42. Ke5 Nb7 43. d6+ Ke8 44. Kd5 Na5 45. Nf6+ 1-0

[Event "XVII Festival Conca della Presolana Magistrale"]
[Site "Bratto - Castione della Presolana ITA"]
[Date "1997.08.??"]
[Round "8"]
[White "Volpinari, Danilo"]
[Black "Temi, Walter"]
[Result "1-0"]
[WhiteElo "2200"]
[BlackElo "2110"]
[PlyCount "93"]
[EventDate "1997.08.21"]

1. e4 b6 2. d4 Bb7 3. Bd3 e6 4. Be3 Nf6 5. Nd2 c5 6. c3 Nc6 7. a3 Qc7 8. f3 d5
9. Ne2 e5 10. Rc1 Rd8 11. O-O Bd6 12. dxc5 Bxc5 13. Bxc5 bxc5 14. exd5 Nxd5 15.
Nc4 Ba6 16. Qa4 Ne3 17. Rfe1 Bxc4 18. Bxc4 Nxc4 19. Qxc4 Qd6 20. Rcd1 Qe7 21.
Rxd8+ Nxd8 22. Qb5+ Qd7 23. Qxc5 f6 24. Nd4 Kf7 25. Nb5 Nc6 26. Nd6+ Kg6 27.
Rd1 h5 28. Qc4 Rd8 29. Qe4+ f5 30. Qh4 Ne7 31. Qg3+ Kh7 32. Qxe5 Nc8 33. c4
Nxd6 34. c5 Qa4 35. Rxd6 Rxd6 36. cxd6 Qd1+ 37. Kf2 Qd2+ 38. Kg3 h4+ 39. Kh3
Qc2 40. d7 g5 41. Qe7+ Kh6 42. Qe6+ Kh7 43. Qf7+ Kh6 44. Qf6+ Kh5 45. Qh8+ Kg6
46. Qg8+ Kh6 47. d8=Q 1-0

[Event "XVII Festival Conca della Presolana Magistrale"]
[Site "Bratto - Castione della Presolana ITA"]
[Date "1997.08.??"]
[Round "8"]
[White "Zelcic, Robert"]
[Black "Efimov, Igor"]
[Result "0-1"]
[WhiteElo "2530"]
[BlackElo "2540"]
[PlyCount "72"]
[EventDate "1997.08.21"]

1. e4 e5 2. Nf3 Nc6 3. d4 exd4 4. Nxd4 Bb4+ 5. c3 Be7 6. Bc4 Ne5 7. Bb3 Nf6 8.
f4 Ng6 9. Qe2 d6 10. e5 dxe5 11. fxe5 Bg4 12. Qb5+ c6 13. Qxb7 Nxe5 14. Nxc6
Nxc6 15. Qxc6+ Bd7 16. Qf3 O-O 17. O-O Bc5+ 18. Kh1 Bg4 19. Qg3 Be2 20. Rf5 Ne4
21. Qe1 Qd3 22. Rf4 Rae8 23. Na3 Bh5 24. Qf1 Qxf1+ 25. Rxf1 Nf2+ 26. Kg1 Nd3+
27. Kh1 Nf2+ 28. Kg1 Nd3+ 29. Kh1 Be2 30. Rf5 Bg4 31. Rf1 Nf2+ 32. Kg1 Nd3+ 33.
Kh1 Nf2+ 34. Kg1 Ne4+ 35. Kh1 Ng3+ 36. hxg3 Re5 0-1

[Event "XVII Festival Conca della Presolana Magistrale"]
[Site "Bratto - Castione della Presolana ITA"]
[Date "1997.08.??"]
[Round "9"]
[White "Agnelli, Francesco"]
[Black "Lapiccirella, Mattia"]
[Result "1-0"]
[WhiteElo "2085"]
[BlackElo "1930"]
[PlyCount "59"]
[EventDate "1997.08.21"]

1. e4 c5 2. Nf3 Nc6 3. d4 cxd4 4. Nxd4 Nf6 5. Nc3 d6 6. Nb3 e6 7. Be3 Be7 8. f3
O-O 9. Qd2 a6 10. g4 b5 11. O-O-O Qc7 12. g5 Nd7 13. h4 Na5 14. Nxa5 Qxa5 15.
Kb1 b4 16. Ne2 Nc5 17. Nd4 Bd7 18. h5 Rab8 19. Bc4 Qc7 20. Rdg1 Nxe4 21. fxe4
Qxc4 22. g6 Bf6 23. h6 fxg6 24. hxg7 Rf7 25. Qh2 Rxg7 26. Rxg6 hxg6 27. Qh8+
Kf7 28. Qxb8 e5 29. Qxd6 Qc8 30. Rf1 1-0

[Event "XVII Festival Conca della Presolana Magistrale"]
[Site "Bratto - Castione della Presolana ITA"]
[Date "1997.08.??"]
[Round "9"]
[White "Bednarich, Jan"]
[Black "Mauro, Alan"]
[Result "1/2-1/2"]
[WhiteElo "2190"]
[BlackElo "2275"]
[PlyCount "84"]
[EventDate "1997.08.21"]

1. d4 Nf6 2. g3 g6 3. Bg2 Bg7 4. e4 d6 5. Nc3 O-O 6. Nge2 Na6 7. O-O e5 8. h3
Rb8 9. Bg5 h6 10. Be3 exd4 11. Nxd4 Re8 12. Nde2 b6 13. Qd2 Kh7 14. g4 Nc5 15.
f3 a5 16. Rad1 Bb7 17. Nf4 g5 18. Nfd5 Bxd5 19. Nxd5 Nxd5 20. Qxd5 Qe7 21. h4
gxh4 22. Qh5 Qf6 23. g5 Qg6 24. Qxh4 Kg8 25. Rd5 Re5 26. Rxe5 Bxe5 27. gxh6 Kh7
28. Kh1 Rg8 29. Bh3 Bf6 30. Qf2 Qh5 31. Qh2 Kh8 32. Bf5 Qxh2+ 33. Kxh2 Bxb2 34.
h7 Re8 35. Rd1 Bf6 36. Bxc5 bxc5 37. Rb1 d5 38. exd5 Be5+ 39. Kg2 Kg7 40. Rb5
Kf6 41. Be4 Bd6 42. Rxa5 Ke5 1/2-1/2

[Event "XVII Festival Conca della Presolana Magistrale"]
[Site "Bratto - Castione della Presolana ITA"]
[Date "1997.08.??"]
[Round "9"]
[White "Bosio, Devis"]
[Black "Oppici, Gabriele"]
[Result "0-1"]
[WhiteElo "1951"]
[BlackElo "2095"]
[PlyCount "56"]
[EventDate "1997.08.21"]

1. e4 g6 2. d4 Bg7 3. Be3 c6 4. c3 d6 5. Qd2 Nd7 6. Bd3 Qc7 7. Ne2 b6 8. c4 Bb7
9. Nbc3 Rd8 10. O-O Ngf6 11. f4 Ng4 12. Rae1 O-O 13. h3 Nxe3 14. Qxe3 e6 15. g4
c5 16. d5 Rde8 17. Qg3 a6 18. Rf3 b5 19. b3 Qa5 20. Bb1 Nb6 21. f5 exf5 22.
gxf5 Be5 23. Qh4 Nd7 24. f6 Nxf6 25. Rxf6 Bxc3 26. Nxc3 Qxc3 27. Rxd6 Re5 28.
Qf4 Qxe1+ 0-1

[Event "XVII Festival Conca della Presolana Magistrale"]
[Site "Bratto - Castione della Presolana ITA"]
[Date "1997.08.??"]
[Round "9"]
[White "Bossi, Alessandro"]
[Black "Didoni, Renato"]
[Result "1-0"]
[WhiteElo "2009"]
[BlackElo "1984"]
[PlyCount "57"]
[EventDate "1997.08.21"]

1. e4 d6 2. d4 Nc6 3. Nf3 Bg4 4. Be2 Nf6 5. Nc3 g6 6. d5 Bxf3 7. gxf3 Nb8 8.
Be3 Bg7 9. Qd2 h6 10. f4 a6 11. e5 Nh7 12. e6 fxe6 13. dxe6 c5 14. Rg1 Nf8 15.
f5 Nc6 16. Nd5 Rc8 17. c3 Qa5 18. h4 h5 19. Bg5 Qd8 20. Bxe7 Nxe7 21. f6 Nxd5
22. fxg7 Rg8 23. gxf8=Q+ Kxf8 24. Qxd5 Qe7 25. O-O-O Rc6 26. Qf3+ Ke8 27. Qf7+
Qxf7 28. exf7+ Kxf7 29. Bc4+ 1-0

[Event "XVII Festival Conca della Presolana Magistrale"]
[Site "Bratto - Castione della Presolana ITA"]
[Date "1997.08.??"]
[Round "9"]
[White "Bresciani, Nicola"]
[Black "Volpinari, Danilo"]
[Result "1/2-1/2"]
[WhiteElo "2325"]
[BlackElo "2200"]
[PlyCount "58"]
[EventDate "1997.08.21"]

1. e4 c6 2. d4 d5 3. Nd2 dxe4 4. Nxe4 Nd7 5. Nf3 Ngf6 6. Ng3 e6 7. Bd3 c5 8.
O-O Qc7 9. c4 Be7 10. Re1 O-O 11. b3 cxd4 12. Nxd4 Nc5 13. Nb5 Qd8 14. Bc2 Qxd1
15. Rxd1 Bd7 16. Nd4 Rfd8 17. Bf4 Rac8 18. h3 Be8 19. Rac1 Na6 20. Bb1 Ba3 21.
Rc2 Bc5 22. Rcd2 Bb4 23. Re2 Bc5 24. Rdd2 Bb4 25. Rd3 Nc5 26. Rde3 Na6 27. Rd3
Nc5 28. Rde3 Na6 29. Rd3 Nc5 1/2-1/2

[Event "XVII Festival Conca della Presolana Magistrale"]
[Site "Bratto - Castione della Presolana ITA"]
[Date "1997.08.??"]
[Round "9"]
[White "Carparelli, Luciano"]
[Black "Rossi, Giampiero"]
[Result "1/2-1/2"]
[WhiteElo "1900"]
[BlackElo "2150"]
[PlyCount "41"]
[EventDate "1997.08.21"]

1. e4 c5 2. Nf3 e6 3. d4 cxd4 4. Nxd4 a6 5. Bd3 Nc6 6. Nxc6 dxc6 7. Nd2 e5 8.
Qh5 Bd6 9. Nc4 Bc7 10. Bg5 Nf6 11. Qe2 h6 12. Bh4 O-O 13. O-O-O Re8 14. f4 Bg4
15. Bxf6 Bxe2 16. Bxd8 Bxd3 17. Bxc7 Bxc4 18. f5 Rac8 19. Bb6 c5 20. a4 Rc6 21.
Bd8 1/2-1/2

[Event "XVII Festival Conca della Presolana Magistrale"]
[Site "Bratto - Castione della Presolana ITA"]
[Date "1997.08.??"]
[Round "9"]
[White "Ceresoli, Luigi"]
[Black "Di Fonzo, Valerio"]
[Result "0-1"]
[WhiteElo "2053"]
[BlackElo "2225"]
[PlyCount "48"]
[EventDate "1997.08.21"]

1. e4 e5 2. Nf3 Nc6 3. Bb5 a6 4. Ba4 Nf6 5. O-O Nxe4 6. d4 b5 7. Bb3 d5 8. dxe5
Be6 9. c3 Bc5 10. Nbd2 O-O 11. Bc2 Nxf2 12. Rxf2 f6 13. Nb3 Bxf2+ 14. Kxf2 fxe5
15. Nc5 Bg4 16. Bb3 Ne7 17. Bg5 c6 18. h3 Bxf3 19. gxf3 Qd6 20. Ne4 Qc7 21. Kg2
Nf5 22. Qe1 h6 23. Bd2 Kh8 24. Nc5 Qe7 0-1

[Event "XVII Festival Conca della Presolana Magistrale"]
[Site "Bratto - Castione della Presolana ITA"]
[Date "1997.08.??"]
[Round "9"]
[White "Everet, Alexandro"]
[Black "Belotti, Bruno"]
[Result "1/2-1/2"]
[WhiteElo "2225"]
[BlackElo "2410"]
[PlyCount "108"]
[EventDate "1997.08.21"]

1. e4 c5 2. Nf3 e6 3. c3 Nf6 4. d3 Nc6 5. Be2 d5 6. Qc2 Be7 7. O-O O-O 8. h3 e5
9. Nh2 Be6 10. Bg5 Nd7 11. Bxe7 Qxe7 12. Nd2 Rfd8 13. Bg4 Nf8 14. Rae1 dxe4 15.
dxe4 h5 16. Bxe6 Nxe6 17. Nc4 Nf4 18. Nf3 Qe6 19. Ne3 Qg6 20. Nh4 Qf6 21. Nhf5
g6 22. Ng3 Qg5 23. Kh2 h4 24. Ne2 Rd7 25. Ng1 Rad8 26. Nf3 Qe7 27. Rd1 Kf8 28.
Rxd7 Rxd7 29. Rd1 Ke8 30. Rxd7 Kxd7 31. Qd1+ Kc8 32. Nd5 Qd8 33. Qd2 g5 34. g3
hxg3+ 35. fxg3 Ne6 36. Ne3 Qxd2+ 37. Nxd2 Kd7 38. Kg2 Ke7 39. Kf3 Kf6 40. Ndc4
Kg6 41. Nd6 b6 42. Nd5 Nf8 43. Nf5 Nd7 44. Nde7+ Nxe7 45. Nxe7+ Kh5 46. Nf5 a6
47. Ne3 b5 48. Nd5 c4 49. Nc7 Nc5 50. Nd5 Kg6 51. Ke3 Kg7 52. Kf3 Kg6 53. Ke3
Kg7 54. Kf3 Kg6 1/2-1/2

[Event "XVII Festival Conca della Presolana Magistrale"]
[Site "Bratto - Castione della Presolana ITA"]
[Date "1997.08.??"]
[Round "9"]
[White "Genocchio, Daniele"]
[Black "Castaldo, Folco"]
[Result "0-1"]
[WhiteElo "2215"]
[BlackElo "2170"]
[PlyCount "72"]
[EventDate "1997.08.21"]

1. c4 e5 2. Nc3 Nf6 3. g3 g6 4. Bg2 Bg7 5. d3 O-O 6. Nf3 Nc6 7. O-O Re8 8. Rb1
h6 9. b4 d6 10. Nd2 Ne7 11. Qc2 c6 12. a4 Be6 13. Ba3 d5 14. b5 Qd7 15. Rfc1
Nf5 16. Qd1 Rac8 17. c5 Red8 18. a5 Nd4 19. a6 Nxb5 20. axb7 Qxb7 21. Nxb5 cxb5
22. Nc4 Qa6 23. Nd6 Rxd6 24. cxd6 Qxa3 25. Rxc8+ Bxc8 26. Qc2 Bd7 27. Qc7 Bf8
28. h3 Qxd6 29. Qxa7 Kg7 30. Ra1 Qc5 31. Qa8 b4 32. Ra5 Qc8 33. Qa7 b3 34. Qb6
Qc1+ 35. Kh2 b2 36. Ra6 Be7 0-1

[Event "XVII Festival Conca della Presolana Magistrale"]
[Site "Bratto - Castione della Presolana ITA"]
[Date "1997.08.??"]
[Round "9"]
[White "Mariano, Elia"]
[Black "Ferretti, Folco"]
[Result "1/2-1/2"]
[WhiteElo "2145"]
[BlackElo "2285"]
[PlyCount "96"]
[EventDate "1997.08.21"]

1. d4 Nf6 2. c4 e6 3. Nc3 Bb4 4. Qc2 d5 5. a3 Bxc3+ 6. Qxc3 Ne4 7. Qc2 Nc6 8.
Nf3 e5 9. e3 exd4 10. exd4 Bf5 11. Bd3 O-O 12. O-O Re8 13. cxd5 Qxd5 14. Be3
Nd6 15. Rad1 Bxd3 16. Rxd3 Nf5 17. Rfd1 Re4 18. Qc5 Rd8 19. Qxd5 Rxd5 20. Kf1
f6 21. Rb3 Na5 22. Rc3 Re7 23. Rdc1 Nc6 24. Rb3 Nd8 25. Rc5 Red7 26. Rxd5 Rxd5
27. Ke2 Rd7 28. Rd3 Ne7 29. Nd2 Nd5 30. Ne4 Re7 31. Kf3 Kf7 32. Rb3 b6 33. Nc3
Ke6 34. Rb5 Rd7 35. Nxd5 Rxd5 36. Rb3 Nc6 37. Rc3 Kd7 38. Ke4 Rb5 39. Rc2 f5+
40. Kd3 Rb3+ 41. Ke2 Ne7 42. Kd1 Nd5 43. Re2 a5 44. Kc2 a4 45. Bd2 Kd6 46. Re8
Nf6 47. Bf4+ Kc6 48. Rf8 b5 1/2-1/2